| 000 | 01445nam a2200337Ia 4500 | ||
|---|---|---|---|
| 001 | ebr10354015 | ||
| 003 | CaPaEBR | ||
| 006 | m u | ||
| 007 | cr cn||||||||| | ||
| 008 | 090122s2009 gau sb 001 0 eng d | ||
| 010 | _z 2009001549 | ||
| 020 | _z9781589834064 (paper binding : alk. paper) | ||
| 040 |
_aCaPaEBR _cCaPaEBR |
||
| 035 | _a(OCoLC)587443244 | ||
| 050 | 1 | 4 |
_aDS122.7 _b.B75 2009eb |
| 100 | 1 | _aBrighton, Mark Andrew. | |
| 245 | 1 | 4 |
_aThe Sicarii in Josephus's Judean war _h[electronic resource] : _brhetorical analysis and historical observations / _cMark Andrew Brighton. |
| 260 |
_aAtlanta : _bSociety of Biblical Literature, _c2009. |
||
| 300 | _axiv, 184 p. | ||
| 490 | 1 |
_aEarly Judaism and its literature ; _vno. 27 |
|
| 504 | _aIncludes bibliographical references and index. | ||
| 533 |
_aElectronic reproduction. _bPalo Alto, Calif. : _cebrary, _d2011. _nAvailable via World Wide Web. _nAccess may be limited to ebrary affiliated libraries. |
||
| 650 | 0 |
_aZealots (Jewish party) _xHistory. |
|
| 650 | 0 |
_aJews _xHistory _y168 B.C.-135 A.D. |
|
| 650 | 0 |
_aJews _xHistory _yRebellion, 66-73. |
|
| 650 | 0 |
_aJews _xPolitics and government _yTo 70 A.D. |
|
| 655 | 7 |
_aElectronic books. _2local |
|
| 710 | 2 | _aebrary, Inc. | |
| 830 | 0 |
_aEarly Judaism and its literature ; _vno. 27. |
|
| 856 | 4 | 0 |
_uhttp://site.ebrary.com/lib/rucke/Doc?id=10354015 _zAn electronic book accessible through the World Wide Web; click to view |
| 999 |
_c33878 _d33878 |
||